[Event "BIH-chT1 30th"]
[Site "Gorazde"]
[Date "2023.08.28"]
[Round "5.3"]
[White "Runic, Zoran"]
[Black "Cunjalo, Faris"]
[Result "1-0"]
[WhiteElo "2263"]
[BlackElo "2202"]
[PlyCount "59"]
[EventDate "2023.08.26"]
[EventType "team-tourn"]
[EventRounds "9"]
[EventCountry "BIH"]
[SourceTitle "EXT 2024"]
[Source "ChessBase"]
[SourceDate "2023.10.10"]
[SourceVersion "1"]
[SourceVersionDate "2023.10.10"]
[SourceQuality "1"]

1. d4 d5 2. c4 c6 3. Nc3 Nf6 4. e3 a6 5. Nf3 e6 6. Bd3 Nbd7 7. 0-0 dxc4 8. Bxc4 b5 9. Bb3 c5 10. Qe2 Bb7 11. Rd1 Qb6 12. a4 c4 13. a5 Qc7 14. Bc2 Bd6 15. e4 e5 16. Bg5 0-0 17. dxe5 Bxe5 18. Nxe5 Qxe5 19. Bh4 Rfe8 20. Bg3 Qc5 21. Bd6 Qc6 22. f3 Nc5 23. Qf2 Nd3 24. Bxd3 Qxd6 25. Bxc4 Qb4 26. Ba2 Bc8 27. Bd5 Rb8 28. Bc6 Rf8 29. e5 Nh5 30. Nd5 1-0

[Event "Titled Tuesday intern op 11th Jul Late"]
[Site "Chess.com INT"]
[Date "2023.07.11"]
[Round "4"]
[White "Cunjalo, Faris"]
[Black "Oparin, Grigoriy"]
[Result "0-1"]
[WhiteElo "2202"]
[BlackElo "2681"]
[PlyCount "94"]
[EventDate "2023.07.11"]
[EventType "swiss (blitz)"]
[EventRounds "11"]
[EventCountry "USA"]
[SourceTitle "EXT 2024"]
[Source "ChessBase"]
[SourceDate "2023.10.10"]
[SourceVersion "1"]
[SourceVersionDate "2023.10.10"]
[SourceQuality "1"]

1. d4 Nf6 2. c4 e6 3. Nf3 b6 4. Nc3 Bb7 5. g3 Bb4 6. Bd2 0-0 7. Bg2 d6 8. 0-0 Nbd7 9. a3 Bxc3 10. Bxc3 Ne4 11. Qc2 Nxc3 12. Qxc3 Qe7 13. Nd2 Bxg2 14. Kxg2 e5 15. dxe5 Nxe5 16. Nf3 Nd7 17. e3 f5 18. Rad1 a5 19. Qd3 a4 20. Qd5+ Kh8 21. Nd4 Ra5 22. Qb7 Nc5 23. Qc6 g5 24. Nb5 Rf7 25. Nc3 Kg7 26. Rfe1 Ne4 27. Nd5 Qd8 28. f3 Nf6 29. f4 Ne4 30. Nc3 Nxc3 31. bxc3 Qf6 32. Rd3 Re7 33. Kf2 h6 34. h3 Kg6 35. Qf3 Rc5 36. Rd4 Qf7 37. e4 gxf4 38. exf5+ Rxf5 39. gxf4 Rxe1 40. Kxe1 Qd7 41. Re4 Rf7 42. Kf2 Kh7 43. Qg4 Qc6 44. Re6 Qc5+ 45. Kg3 Rg7 46. f5 Rxg4+ 47. hxg4 Qxc4 0-1

[Event "Titled Tuesday intern op 11th Jul Late"]
[Site "Chess.com INT"]
[Date "2023.07.11"]
[Round "3"]
[White "Deac, Bogdan Daniel"]
[Black "Cunjalo, Faris"]
[Result "1/2-1/2"]
[WhiteElo "2693"]
[BlackElo "2202"]
[PlyCount "87"]
[EventDate "2023.07.11"]
[EventType "swiss (blitz)"]
[EventRounds "11"]
[EventCountry "USA"]
[SourceTitle "EXT 2024"]
[Source "ChessBase"]
[SourceDate "2023.10.10"]
[SourceVersion "1"]
[SourceVersionDate "2023.10.10"]
[SourceQuality "1"]

1. b3 d5 2. Bb2 Nf6 3. e3 Bf5 4. c4 c6 5. cxd5 cxd5 6. Bb5+ Nc6 7. Nf3 Rc8 8. Nc3 a6 9. Bxc6+ Rxc6 10. Nd4 Rxc3 11. dxc3 Bg4 12. f3 Bd7 13. f4 e6 14. 0-0 Bc5 15. c4 0-0 16. Rc1 dxc4 17. bxc4 Qe7 18. Qf3 e5 19. fxe5 Qxe5 20. Qf4 Qxf4 21. Rxf4 Re8 22. Nc2 Rxe3 23. Bd4 Bxd4 24. Rxd4 Rc3 25. Rdd1 Rxc4 26. Nd4 Rxc1 27. Rxc1 Ne8 28. Rb1 b5 29. Nb3 Kf8 30. Nc5 Bf5 31. Rd1 Nc7 32. Rd8+ Ke7 33. Rb8 Be6 34. a3 Bc4 35. Rb6 a5 36. Nb7 a4 37. Nd6 Nd5 38. Ra6 Nc7 39. Rc6 Kd7 40. Rb6 Nd5 41. Ra6 Nc7 42. Rb6 Nd5 43. Ra6 Nc7 44. Rb6 1/2-1/2

[Event "Titled Tuesday intern op 11th Jul Late"]
[Site "Chess.com INT"]
[Date "2023.07.11"]
[Round "2"]
[White "Seletsky, Grigory"]
[Black "Cunjalo, Faris"]
[Result "0-1"]
[WhiteElo "2224"]
[BlackElo "2202"]
[PlyCount "84"]
[EventDate "2023.07.11"]
[EventType "swiss (blitz)"]
[EventRounds "11"]
[EventCountry "USA"]
[SourceTitle "EXT 2024"]
[Source "ChessBase"]
[SourceDate "2023.10.10"]
[SourceVersion "1"]
[SourceVersionDate "2023.10.10"]
[SourceQuality "1"]

1. e3 d5 2. d4 Nf6 3. c4 c6 4. Nc3 a6 5. Nf3 Bg4 6. Qb3 b5 7. cxd5 cxd5 8. Ne5 e6 9. a4 b4 10. Na2 Nbd7 11. Nxg4 Nxg4 12. h3 Ngf6 13. a5 Bd6 14. Bd2 Ne4 15. Bxb4 Qh4 16. g3 Bxg3 17. fxg3 Qxg3+ 18. Ke2 Qf2+ 19. Kd1 Rb8 20. Be2 Qg3 21. Rf1 Nd6 22. Qa3 Nc4 23. Bxc4 dxc4 24. Be1 Qxh3 25. Rf2 Rb3 26. Qa4 Rxe3 27. Qxc4 0-0 28. Nc3 Qg4+ 29. Kc2 e5 30. Ra4 Rxe1 31. dxe5 Qg6+ 32. Kb3 Rb8+ 33. Ka2 Qg1 34. Qxf7+ Kh8 35. Rb4 Ra1+ 36. Kb3 Nc5+ 37. Kc4 Qg4+ 38. Rf4 Qxf4+ 39. Qxf4 Rxb4+ 40. Kxb4 Nd3+ 41. Kc4 Nxf4 42. e6 Nxe6 0-1

[Event "Titled Tuesday intern op 04th Jul Early"]
[Site "Chess.com INT"]
[Date "2023.07.04"]
[Round "5"]
[White "Cunjalo, Faris"]
[Black "Rangel, Daniel"]
[Result "1-0"]
[WhiteElo "2202"]
[BlackElo "2199"]
[PlyCount "69"]
[EventDate "2023.07.04"]
[EventType "swiss (blitz)"]
[EventRounds "11"]
[EventCountry "USA"]
[SourceTitle "EXT 2024"]
[Source "ChessBase"]
[SourceDate "2023.10.10"]
[SourceVersion "1"]
[SourceVersionDate "2023.10.10"]
[SourceQuality "1"]

1. d4 Nf6 2. Nf3 g6 3. g3 Bg7 4. Bg2 0-0 5. 0-0 c5 6. dxc5 Na6 7. Be3 Ne4 8. Bd4 Bxd4 9. Qxd4 Nexc5 10. Nc3 d6 11. Qh4 f6 12. Qh6 Bf5 13. Nh4 Bxc2 14. Rac1 Bf5 15. Nxf5 gxf5 16. Qf4 Qb6 17. Nd5 Qd8 18. Ne3 e6 19. g4 fxg4 20. Qxg4+ Kh8 21. b4 f5 22. Qc4 f4 23. Qc3+ e5 24. bxc5 fxe3 25. f4 Rg8 26. c6 bxc6 27. Qxc6 Nc5 28. fxe5 Qg5 29. exd6 Rac8 30. Qf3 Rcf8 31. Qg3 Rf2 32. Qxg5 Rxg5 33. Rxf2 exf2+ 34. Kxf2 Re5 35. Bf3 1-0

[Event "Titled Tuesday intern op 27th Jun Late"]
[Site "Chess.com INT"]
[Date "2023.06.27"]
[Round "2"]
[White "Cunjalo, Faris"]
[Black "Gatterer, Florian"]
[Result "1-0"]
[WhiteElo "2202"]
[BlackElo "2170"]
[PlyCount "141"]
[EventDate "2023.06.27"]
[EventType "swiss (blitz)"]
[EventRounds "11"]
[EventCountry "USA"]
[SourceTitle "EXT 2024"]
[Source "ChessBase"]
[SourceDate "2023.10.10"]
[SourceVersion "1"]
[SourceVersionDate "2023.10.10"]
[SourceQuality "1"]

1. d4 d5 2. c4 c6 3. cxd5 cxd5 4. Nc3 Nf6 5. Bf4 Nc6 6. e3 Bf5 7. Qb3 Na5 8. Qa4+ Bd7 9. Bb5 Nc6 10. Nf3 a6 11. Bxc6 Bxc6 12. Qc2 e6 13. 0-0 Bd6 14. Ne5 Bxe5 15. Bxe5 0-0 16. Rac1 Rc8 17. Qb3 Ne4 18. Nxe4 dxe4 19. Rc5 Bd5 20. Qa3 Rxc5 21. dxc5 Qd7 22. Qa5 Qc6 23. a4 Rc8 24. b4 Bb3 25. Ra1 f6 26. Bd6 Bc4 27. h3 Kf7 28. Rb1 b5 29. axb5 Bxb5 30. Qa3 Qd5 31. Qc3 Qc4 32. Qa3 g5 33. Rc1 Qd5 34. Qc3 Kg6 35. Qc2 Qd3 36. Qa2 Qd5 37. Qa1 h5 38. Rd1 Qf5 39. Qd4 h4 40. Be7 e5 41. Qd5 Bc6 42. Qa2 Bb5 43. Rd6 Re8 44. Rxf6+ Qxf6 45. Bxf6 Kxf6 46. Qd5 Re6 47. Qxe4 Bc6 48. Qh7 Bb5 49. Qh6+ Kf7 50. Qxg5 Rg6 51. Qxh4 Bc6 52. Qh7+ Kf6 53. Qh8+ Ke6 54. g4 Kd5 55. Kg2 Kc4+ 56. Kg3 Kxb4 57. Qxe5 Rg8 58. Qd4+ Kb5 59. f4 a5 60. f5 Re8 61. f6 a4 62. f7 Rf8 63. Qd3+ Kb4 64. Qd2+ Kb3 65. Qd3+ Kb4 66. Qd4+ Kb3 67. Qg7 Rb8 68. f8Q Rb7 69. Qfg8+ Kc2 70. Qd4 Kc1 71. Qgc4+ 1-0

[Event "BIH-chT 29th"]
[Site "Bihac"]
[Date "2022.08.27"]
[Round "8.2"]
[White "Cunjalo, Faris"]
[Black "Runic, Zoran"]
[Result "1/2-1/2"]
[WhiteElo "2179"]
[BlackElo "2263"]
[PlyCount "59"]
[EventDate "2022.08.23"]
[EventType "tourn"]
[EventRounds "9"]
[EventCountry "BIH"]
[SourceTitle "CBM 210 Extra"]
[Source "ChessBase"]
[SourceDate "2022.11.30"]
[SourceVersion "1"]
[SourceVersionDate "2022.11.30"]
[SourceQuality "1"]

1. d4 Nf6 2. c4 c5 3. dxc5 e6 4. Nc3 Bxc5 5. Nf3 a6 6. e3 0-0 7. Be2 Nc6 8. 0-0 d5 9. cxd5 exd5 10. b3 Re8 11. Bb2 Ba7 12. Rc1 Qd6 13. Nd4 Nxd4 14. exd4 Bd7 15. Na4 Ne4 16. Bd3 Rad8 17. Nc5 Bb8 18. g3 Bc8 19. Rc2 h6 20. Qh5 Nf6 21. Qf3 Re7 22. Bf5 Bxf5 23. Qxf5 Rde8 24. Nd3 g6 25. Qf3 Kg7 26. Ne5 Ne4 27. Kg2 h5 28. h4 f6 29. Nd3 b6 30. Bc1 1/2-1/2

[Event "BIH-chT 29th"]
[Site "Bihac"]
[Date "2022.08.24"]
[Round "2.3"]
[White "Coric, Ahmed"]
[Black "Cunjalo, Faris"]
[Result "0-1"]
[WhiteElo "2117"]
[BlackElo "2179"]
[PlyCount "138"]
[EventDate "2022.08.23"]
[EventType "tourn"]
[EventRounds "9"]
[EventCountry "BIH"]
[SourceTitle "CBM 210 Extra"]
[Source "ChessBase"]
[SourceDate "2022.11.30"]
[SourceVersion "1"]
[SourceVersionDate "2022.11.30"]
[SourceQuality "1"]

1. d4 d5 2. Nf3 Nf6 3. g3 c6 4. Bg2 Bf5 5. Nh4 Bg4 6. h3 Bh5 7. g4 Bg6 8. Nxg6 hxg6 9. c4 e6 10. Nc3 Nbd7 11. Bf4 dxc4 12. a4 a5 13. e4 Nb6 14. 0-0 Nfd7 15. b3 Bb4 16. Qc2 Qe7 17. bxc4 e5 18. Be3 Nxc4 19. Na2 Nxe3 20. fxe3 Bd6 21. Rab1 Rb8 22. Qc3 Bc7 23. Nc1 0-0 24. Nd3 Rfd8 25. Rf2 Qd6 26. Qc4 exd4 27. exd4 Bb6 28. Rxb6 Nxb6 29. Qxf7+ Kh7 30. e5 Qd7 31. Nc5 Qxf7 32. Rxf7 Rxd4 33. Nxb7 Nd5 34. Nxa5 Rb1+ 35. Rf1 Rxf1+ 36. Bxf1 Ne7 37. Nc4 Kh6 38. Kf2 Kg5 39. Kg3 Rd1 40. h4+ Kh6 41. Be2 Rg1+ 42. Kf3 g5 43. h5 g6 44. hxg6 Kxg6 45. Nd6 Ra1 46. Bd3+ Kg7 47. Nf5+ Kf8 48. Bc2 Nd5 49. Nd4 Nb4 50. Be4 Ra3+ 51. Ke2 Rxa4 52. Ne6+ Ke7 53. Nxg5 Nd5 54. Bf5 c5 55. Ne4 c4 56. g5 Ra2+ 57. Ke1 c3 58. Nf6 Ra1+ 59. Ke2 Nb4 60. g6 Rg1 61. g7 Rxg7 62. Ng4 Rg5 63. Ne3 Rh5 64. Ke1 Rh2 65. Kd1 Rd2+ 66. Ke1 Nd3+ 67. Bxd3 Rxd3 68. Ke2 Rd2+ 69. Ke1 Rd8 0-1

[Event "Solta Amateur op"]
[Site "Grohote"]
[Date "2019.06.20"]
[Round "6"]
[White "Cunjalo, Faris"]
[Black "Marn, Jan"]
[Result "1/2-1/2"]
[WhiteElo "2084"]
[BlackElo "2239"]
[PlyCount "62"]
[EventDate "2019.06.15"]
[EventType "swiss"]
[EventRounds "9"]
[EventCountry "CRO"]
[SourceTitle "EXT 2020"]
[Source "ChessBase"]
[SourceDate "2019.10.17"]
[SourceVersion "1"]
[SourceVersionDate "2019.10.17"]
[SourceQuality "1"]

1. d4 d5 2. c4 e6 3. Nf3 Nf6 4. g3 dxc4 5. Qa4+ Nbd7 6. Bg2 a6 7. Qxc4 c5 8. 0-0 b5 9. Qc2 Bb7 10. dxc5 Bxc5 11. Nbd2 Rc8 12. Qd1 0-0 13. a4 b4 14. b3 Qe7 15. Bb2 Rfd8 16. e3 e5 17. Qe2 e4 18. Nd4 Ne5 19. Rab1 Bxd4 20. Bxd4 Rc2 21. Qd1 Ra2 22. Ra1 Rxa1 23. Qxa1 Nf3+ 24. Nxf3 exf3 25. Bh3 Ne4 26. Rc1 Ng5 27. Bf5 Be4 28. Bc8 Qe8 29. h4 Rxc8 30. hxg5 Rxc1+ 31. Qxc1 Qc6 1/2-1/2

[Event "Srpska Republic-chT 1st League"]
[Site "Banja Dvorovi"]
[Date "2017.08.18"]
[Round "7.2"]
[White "Cunjalo, Faris"]
[Black "Markovic, Dusan"]
[Result "1/2-1/2"]
[WhiteElo "2054"]
[BlackElo "2090"]
[PlyCount "22"]
[EventDate "2017.08.12"]
[EventType "team-tourn"]
[EventRounds "9"]
[EventCountry "BIH"]
[SourceTitle "EXT 2019"]
[Source "ChessBase"]
[SourceDate "2018.10.10"]
[SourceVersion "1"]
[SourceVersionDate "2018.10.10"]
[SourceQuality "1"]
[WhiteTeam "Derventa"]
[BlackTeam "Teslic Mladost"]
[WhiteTeamCountry "BIH"]
[BlackTeamCountry "BIH"]

1. d4 Nf6 2. c4 g6 3. Nc3 Bg7 4. e4 d6 5. Nf3 0-0 6. Be2 e5 7. 0-0 Nc6 8. d5 Ne7 9. Ne1 Ne8 10. Nd3 f5 11. f3 f4 1/2-1/2

[Event "Srpska Republic-chT 1st League"]
[Site "Banja Dvorovi"]
[Date "2017.08.13"]
[Round "2.4"]
[White "Cunjalo, Faris"]
[Black "Radovanovic, Milan"]
[Result "1-0"]
[WhiteElo "2054"]
[BlackElo "2097"]
[PlyCount "79"]
[EventDate "2017.08.12"]
[EventType "team-tourn"]
[EventRounds "9"]
[EventCountry "BIH"]
[SourceTitle "EXT 2019"]
[Source "ChessBase"]
[SourceDate "2018.10.10"]
[SourceVersion "1"]
[SourceVersionDate "2018.10.10"]
[SourceQuality "1"]
[WhiteTeam "Derventa"]
[BlackTeam "Dvorovi"]
[WhiteTeamCountry "BIH"]
[BlackTeamCountry "BIH"]

1. d4 Nf6 2. c4 g6 3. Nc3 Bg7 4. e4 d6 5. Nf3 0-0 6. Be2 Bg4 7. 0-0 Nc6 8. Be3 Bxf3 9. Bxf3 e5 10. d5 Ne7 11. Be2 Nd7 12. b4 a5 13. a3 f5 14. f3 b6 15. Na4 fxe4 16. fxe4 Rxf1+ 17. Bxf1 Nf6 18. Bd3 axb4 19. axb4 Qd7 20. h3 Nh5 21. c5 bxc5 22. bxc5 h6 23. c6 Qe8 24. Nc3 Rxa1 25. Qxa1 Nf4 26. Bf1 Qb8 27. Nb5 Nc8 28. Qa6 Ne7 29. Qb7 Qf8 30. Qxc7 Nc8 31. Na7 Nxa7 32. Qxa7 g5 33. c7 Ng6 34. Qb8 Ne7 35. Qxf8+ Bxf8 36. Ba6 Kg7 37. c8Q Nxc8 38. Bxc8 Kg6 39. Kf1 Kf6 40. Ke2 1-0

[Event "Srpska Republic-chT 1st League"]
[Site "Banja Dvorovi"]
[Date "2017.08.12"]
[Round "1.1"]
[White "Djuric, Zoran"]
[Black "Cunjalo, Faris"]
[Result "1/2-1/2"]
[WhiteElo "2257"]
[BlackElo "2054"]
[PlyCount "108"]
[EventDate "2017.08.12"]
[EventType "team-tourn"]
[EventRounds "9"]
[EventCountry "BIH"]
[SourceTitle "EXT 2019"]
[Source "ChessBase"]
[SourceDate "2018.10.10"]
[SourceVersion "1"]
[SourceVersionDate "2018.10.10"]
[SourceQuality "1"]
[WhiteTeam "Zvornik Drina"]
[BlackTeam "Derventa"]
[WhiteTeamCountry "BIH"]
[BlackTeamCountry "BIH"]

1. e4 c6 2. Nc3 d5 3. d4 dxe4 4. Nxe4 Nf6 5. Nxf6+ exf6 6. c3 Bd6 7. Bd3 0-0 8. Be3 Re8 9. Qc2 g6 10. 0-0-0 f5 11. Ne2 Qc7 12. h4 h5 13. g3 Nd7 14. Bg5 Nf8 15. Bc4 Nh7 16. Qd2 b5 17. Bb3 Nxg5 18. hxg5 a5 19. Rhe1 a4 20. Bc2 Be6 21. Kb1 Bd5 22. f4 Re6 23. Nc1 Bf3 24. Rxe6 Bxd1 25. Re1 Bxc2+ 26. Kxc2 h4 27. Nd3 hxg3 28. Re3 g2 29. Rg3 Qe7 30. Rxg2 Qe6 31. Kb1 Re8 32. Rf2 Qe4 33. Rf1 Qe3 34. Kc2 Qxd2+ 35. Kxd2 Re4 36. Kd1 Re3 37. Kd2 Re4 38. Rf2 Kg7 39. Kd1 Re3 40. Kc2 f6 41. gxf6+ Kxf6 42. b3 axb3+ 43. axb3 g5 44. fxg5+ Kxg5 45. Kd2 Re4 46. Rg2+ Kf6 47. Re2 Rxe2+ 48. Kxe2 Ke6 49. c4 bxc4 50. bxc4 Be7 51. Nf4+ Kd6 52. Nd3 Bf6 53. Ke3 Bg5+ 54. Kf3 Bf6 1/2-1/2

[Event "Sarajevo Bosna op 47th"]
[Site "Sarajevo"]
[Date "2017.05.17"]
[Round "7"]
[White "Cunjalo, Faris"]
[Black "Gligorevic, Milorad"]
[Result "1-0"]
[WhiteElo "2042"]
[BlackElo "1823"]
[PlyCount "57"]
[EventDate "2017.05.13"]
[EventType "swiss"]
[EventRounds "9"]
[EventCountry "BIH"]
[SourceTitle "CBM 178 Extra"]
[Source "ChessBase"]
[SourceDate "2017.06.22"]
[SourceVersion "1"]
[SourceVersionDate "2017.06.22"]
[SourceQuality "1"]

1. d4 Nf6 2. c4 c6 3. Nc3 d5 4. cxd5 cxd5 5. Bf4 Nc6 6. e3 Bf5 7. Qb3 Qb6 8. Qxb6 axb6 9. Nb5 Kd7 10. a3 e6 11. Rc1 Nh5 12. Bc7 Ra5 13. h3 Nf6 14. Nf3 Ne8 15. Ne5+ Nxe5 16. Bxe5 f6 17. Bh2 Ra8 18. Nc7 Nxc7 19. Rxc7+ Kd8 20. Rxb7 Rc8 21. Be2 Rc6 22. 0-0 e5 23. dxe5 Rc2 24. Bf3 Rxb2 25. exf6 gxf6 26. Rc1 Be6 27. Bf4 Rg8 28. Rb8+ Ke7 29. Rc7+ 1-0

[Event "Sarajevo Bosna op 47th"]
[Site "Sarajevo"]
[Date "2017.05.14"]
[Round "2"]
[White "Obad, Andrija"]
[Black "Cunjalo, Faris"]
[Result "1-0"]
[WhiteElo "2256"]
[BlackElo "2042"]
[PlyCount "131"]
[EventDate "2017.05.13"]
[EventType "swiss"]
[EventRounds "9"]
[EventCountry "BIH"]
[SourceTitle "CBM 178 Extra"]
[Source "ChessBase"]
[SourceDate "2017.06.22"]
[SourceVersion "1"]
[SourceVersionDate "2017.06.22"]
[SourceQuality "1"]

1. e4 c6 2. d4 d5 3. Nc3 dxe4 4. Nxe4 Bf5 5. Ng3 Bg6 6. Nh3 e6 7. Nf4 Bd6 8. c3 Nf6 9. h4 Qe7 10. h5 Bf5 11. Be2 Nbd7 12. Be3 Nd5 13. Nxd5 cxd5 14. Nxf5 exf5 15. Qd3 Qe4 16. 0-0-0 Qxd3 17. Bxd3 f4 18. Bd2 0-0-0 19. Rh4 g5 20. hxg6 hxg6 21. Rdh1 Rxh4 22. Rxh4 g5 23. Rh7 Rf8 24. Bf5 Kd8 25. g3 Ke7 26. Bxd7 Kxd7 27. gxf4 Bxf4 28. Kd1 Ke6 29. Ke2 Rg8 30. Rh1 Kf5 31. Kf3 Rg6 32. Rh5 Ke6 33. Bxf4 gxf4 34. Kxf4 Rg1 35. Re5+ Kd6 36. Kf5 Rg2 37. Re2 Rg6 38. f4 b5 39. Rh2 Re6 40. Rg2 Ke7 41. Rg8 Re2 42. Ra8 Rxb2 43. Rxa7+ Ke8 44. Ke5 Rc2 45. Ra3 Rf2 46. Ra5 Rf3 47. Rxb5 Rxc3 48. Kxd5 Ra3 49. Rb2 Kd7 50. Ke5 Ke7 51. d5 Ra6 52. Rb7+ Ke8 53. d6 Rxa2 54. Kf6 Ra6 55. Rb8+ Kd7 56. Kxf7 Rxd6 57. f5 Rd1 58. f6 Rh1 59. Rb2 Rh7+ 60. Kg6 Rh1 61. Re2 Rg1+ 62. Kh7 Rf1 63. Kg7 Rg1+ 64. Kf8 Rg3 65. Kf7 Ra3 66. Re7+ 1-0

[Event "BIH-chT 15th"]
[Site "Bihac"]
[Date "2016.07.20"]
[Round "5.1"]
[White "Marjanovic, Dejan"]
[Black "Cunjalo, Faris"]
[Result "1-0"]
[WhiteElo "2392"]
[BlackElo "1974"]
[PlyCount "49"]
[EventDate "2016.07.16"]
[EventType "team-tourn"]
[EventRounds "9"]
[EventCountry "BIH"]
[SourceTitle "CBM 173 Extra"]
[Source "ChessBase"]
[SourceDate "2016.08.29"]
[SourceVersion "1"]
[SourceVersionDate "2016.08.29"]
[SourceQuality "1"]
[WhiteTeam "Sarajevo Bosna"]
[BlackTeam "Zenica"]
[WhiteTeamCountry "BIH"]
[BlackTeamCountry "BIH"]

1. d4 d5 2. c4 c6 3. Nc3 Nf6 4. e3 Bf5 5. cxd5 cxd5 6. Qb3 e6 7. Qxb7 Nbd7 8. Nf3 Be7 9. Be2 0-0 10. 0-0 Qa5 11. Qa6 Qc7 12. Bd2 Rab8 13. Rfc1 Qb7 14. Qxb7 Rxb7 15. Na4 Ne4 16. Be1 h6 17. Ba6 Rbb8 18. Rc7 Nef6 19. Rxa7 Bd8 20. Rc1 Nb6 21. Nxb6 Bxb6 22. Rb7 Rxb7 23. Bxb7 Rb8 24. Rc8+ Rxc8 25. Bxc8 1-0

[Event "Zenica 19th"]
[Site "Zenica"]
[Date "2016.05.11"]
[Round "5"]
[White "Kuzmanovic, Slobodan"]
[Black "Cunjalo, Faris"]
[Result "1-0"]
[WhiteElo "2146"]
[BlackElo "1966"]
[PlyCount "45"]
[EventDate "2016.05.09"]
[EventType "tourn"]
[EventRounds "9"]
[EventCountry "BIH"]
[SourceTitle "CBM 172 Extra"]
[Source "ChessBase"]
[SourceDate "2016.06.21"]
[SourceVersion "1"]
[SourceVersionDate "2016.06.21"]
[SourceQuality "1"]

1. e4 c6 2. d4 d5 3. exd5 cxd5 4. c4 Nf6 5. Nc3 e6 6. Nf3 Be7 7. Bd3 Nc6 8. a3 0-0 9. 0-0 b6 10. cxd5 Nxd5 11. Nxd5 Qxd5 12. Qc2 Nxd4 13. Nxd4 Qxd4 14. Bxh7+ Kh8 15. Be4 Rb8 16. Bf4 Bb7 17. Bxb8 Bxe4 18. Qc7 Bf6 19. Bxa7 Qxb2 20. Bxb6 Qb3 21. Rae1 Qa4 22. Bc5 Qc4 23. Rxe4 1-0

[Event "Zenica 19th"]
[Site "Zenica"]
[Date "2016.05.09"]
[Round "1"]
[White "Sutkovic, Damir"]
[Black "Cunjalo, Faris"]
[Result "1-0"]
[WhiteElo "2316"]
[BlackElo "1966"]
[PlyCount "61"]
[EventDate "2016.05.09"]
[EventType "tourn"]
[EventRounds "9"]
[EventCountry "BIH"]
[SourceTitle "CBM 172 Extra"]
[Source "ChessBase"]
[SourceDate "2016.06.21"]
[SourceVersion "1"]
[SourceVersionDate "2016.06.21"]
[SourceQuality "1"]

1. d4 d5 2. c4 c6 3. e3 Nf6 4. Nc3 e6 5. Nf3 Be7 6. g4 h6 7. Qc2 b6 8. Rg1 Qc7 9. Bd2 dxc4 10. Bxc4 b5 11. Nxb5 cxb5 12. Bxb5+ Kd8 13. Qa4 Nfd7 14. Rc1 Qb7 15. Ba5+ Nb6 16. Ne5 Bd7 17. Nxd7 N8xd7 18. Bxd7 Qxd7 19. Bxb6+ Ke8 20. Qxd7+ Kxd7 21. Rc7+ Kd6 22. Rxa7 Rxa7 23. Bxa7 Ra8 24. Bc5+ Kd7 25. Bxe7 Kxe7 26. a3 Rb8 27. b4 Ra8 28. Ke2 Rxa3 29. Rb1 Kd6 30. Kf3 Ra2 31. h4 1-0

[Event "BIH-chT1A 22nd"]
[Site "Tuzla"]
[Date "2015.10.21"]
[Round "9.3"]
[White "Imamovic, Smail"]
[Black "Cunjalo, Faris"]
[Result "0-1"]
[WhiteElo "1972"]
[BlackElo "2054"]
[PlyCount "132"]
[EventDate "2015.10.16"]
[EventType "tourn"]
[EventRounds "9"]
[EventCountry "BIH"]
[SourceTitle "CBM 169 Extra"]
[Source "ChessBase"]
[SourceDate "2015.12.18"]
[SourceVersion "1"]
[SourceVersionDate "2015.12.18"]
[SourceQuality "1"]

1. e4 c6 2. d4 d5 3. e5 Bf5 4. Bd3 Bxd3 5. Qxd3 e6 6. Ne2 Qb6 7. b3 c5 8. c3 cxd4 9. cxd4 Nc6 10. 0-0 Nge7 11. Bb2 h5 12. Nbc3 Rc8 13. Rfc1 g6 14. Na4 Qc7 15. a3 b6 16. b4 Qd7 17. Nac3 Nf5 18. Rc2 Be7 19. Rac1 0-0 20. Nd1 Nb8 21. Ne3 Nxe3 22. fxe3 Bg5 23. Nf4 Kg7 24. g3 Be7 25. e4 Rxc2 26. Qxc2 Bg5 27. Rf1 Bxf4 28. Rxf4 dxe4 29. Qxe4 Qd5 30. Qe3 Nc6 31. Rf2 Ne7 32. h3 Nf5 33. Qf4 Rc8 34. g4 hxg4 35. hxg4 Rh8 36. Rg2 Nh4 37. Rf2 Nf5 38. Rh2 Rxh2 39. Kxh2 Qa2 40. Qf2 Nh6 41. Kh3 Qb3+ 42. Kh4 Qd1 43. Qg2 Qe1+ 44. Kh3 Qe3+ 45. Qg3 Qxg3+ 46. Kxg3 b5 47. Bc1 Ng8 48. Bg5 Kf8 49. Kf4 Ne7 50. Bxe7+ Kxe7 51. Ke4 Kd7 52. d5 exd5+ 53. Kxd5 g5 54. Kc5 Ke6 55. Kxb5 Kxe5 56. Ka6 f5 57. b5 fxg4 58. Kxa7 g3 59. b6 g2 60. b7 g1Q+ 61. Ka8 Qg2 62. Ka7 Qf2+ 63. Ka8 Qf3 64. a4 Qc6 65. Kb8 Qxa4 66. Kc7 Qc4+ 0-1

[Event "BIH-chT1A 22nd"]
[Site "Tuzla"]
[Date "2015.10.17"]
[Round "3.2"]
[White "Cunjalo, Faris"]
[Black "Petrovic, Sasa"]
[Result "1/2-1/2"]
[WhiteElo "2054"]
[BlackElo "2225"]
[PlyCount "107"]
[EventDate "2015.10.16"]
[EventType "tourn"]
[EventRounds "9"]
[EventCountry "BIH"]
[SourceTitle "CBM 169 Extra"]
[Source "ChessBase"]
[SourceDate "2015.12.18"]
[SourceVersion "1"]
[SourceVersionDate "2015.12.18"]
[SourceQuality "1"]

1. d4 f5 2. c4 Nf6 3. g3 g6 4. Bg2 Bg7 5. Nf3 0-0 6. 0-0 c6 7. Nc3 d6 8. Re1 Ne4 9. Qc2 d5 10. cxd5 cxd5 11. Bf4 Nc6 12. Red1 Be6 13. e3 Rc8 14. Qa4 Qa5 15. Qxa5 Nxa5 16. Ng5 Nxc3 17. bxc3 Bf7 18. Nxf7 Kxf7 19. Bxd5+ e6 20. Bf3 Rxc3 21. Bd6 Rc2 22. Bxf8 Bxf8 23. Rac1 Rxa2 24. Rc7+ Kf6 25. Bxb7 Nxb7 26. Rxb7 a5 27. h4 a4 28. Rc1 g5 29. Rcc7 Kg6 30. Rf7 Bh6 31. hxg5 Kxg5 32. Rxh7 a3 33. Rb3 Bf8 34. Kg2 Ra1 35. Rh1 Rxh1 36. Rxa3 Bxa3 37. Kxh1 Kg4 38. Kg2 Bb4 39. f3+ Kg5 40. Kf2 Bd2 41. Ke2 Bc1 42. Kd3 Kf6 43. Ke2 Ba3 44. e4 fxe4 45. fxe4 Kg5 46. Ke3 Bc1+ 47. Kf3 Bb2 48. Ke3 Kf6 49. e5+ Kf5 50. g4+ Kxg4 51. Ke4 Bxd4 52. Kxd4 Kf4 53. Kd3 Kxe5 54. Ke3 1/2-1/2